Isabel Allende /

Bibliographic Details
Other Authors: Rodden, John (Editor)
Format: Book
Language:English
Published: Pasadena, Calif. : Salem Press, [2011]
Series:Critical insights.
Subjects:

MARC

Tag First Indicator Second Indicator Subfields
LEADER 00000cam a2200000 a 4500
001 in00002646521
005 20151202115407.0
008 100727s2011 cau b 001 0 eng
010 |a  2010030137 
020 |a 9781587656996 (alk. paper) 
020 |a 158765699X (alk. paper) 
035 |a (OCoLC)ocn650827375 
035 |a (OCoLC)650827375 
040 |a DLC  |c DLC  |d YDX  |d YYP  |d YDXCP  |d SGB  |d VP@  |d UtOrBLW 
049 |a TXAM 
050 0 0 |a PQ8098.1.L54  |b Z696 2011 
082 0 0 |a 863/.64  |2 22 
245 0 0 |a Isabel Allende /  |c editor, John Rodden. 
264 1 |a Pasadena, Calif. :  |b Salem Press,  |c [2011] 
264 4 |c ©2011 
300 |a xi, 366 pages ;  |c 24 cm. 
336 |a text  |b txt  |2 rdacontent 
337 |a unmediated  |b n  |2 rdamedia 
338 |a volume  |b nc  |2 rdacarrier 
490 1 |a Critical insights 
504 |a Includes bibliographical references and index. 
505 0 0 |t On Isabel Allende /  |r John Rodden --  |t Biography of Isabel Allende /  |r Amanda Hopkinson --  |t The Paris Review perspective /  |r Michael Wood for The Paris Review --  |t "Un puñado de críticos": navigating the critical readings of Isabel Allende's work /  |r Beth E. Jörgensen --  |t The house of the spirits: a twentieth-century family chronicle /  |r Charles Rossman --  |t Maryse Condé and Isabel Allende: family saga novels /  |r María Roof --  |t Voices from the political abyss: Isabel Allende's The house of the spirits and the reconstruction and preservation of history and memory in 1970s Chile and beyond /  |r Carrie Sheffield --  |t Family systems and national subversion in Isabel Allende's The house of the spirits /  |r Sara E. Cooper --  |t Magical places in Isabel Allende's Eva luna and Cuentos de Eva Luna /  |r Barbara Foley Buedel --  |t Mourning becomes Paula: the writing process as therapy for Isabel Allende /  |r Linda S. Maier --  |t The metaphysics of mother/daughter renewal in La casa de los espíritus and Paula /  |r Cherie Meacham --  |t Isabel Allende, fortune's daughter /  |r John Rodden --  |t La hija de la fortuna: cross-dressing, travel, and gendering the self /  |r Nadia Avendaño --  |t Self-portrait in sepia? Isabel Allende's technicolored life /  |r John Rodden --  |t Isabel Allende in context: the erasure of boundaries /  |r Linda Gould Levine --  |t Archetype, not ideology: Isabel Allende's balance of opposites /  |r Vincent Kling --  |t Z/z: Isabel Allende and the mark of Zorro /  |r Philip Swanson --  |t Unscrambling Allende's "Dos palabras": The self, the immigrant/writer, and social justice /  |r Luz María Umpierre --  |t The cultural work of magical realism in three young adult novels /  |r Don Latham --  |t "I am inventing myself all the time": Isabel Allende in her interviews /  |r John Rodden. 
600 1 0 |a Allende, Isabel  |x Criticism and interpretation. 
700 1 |a Rodden, John,  |e editor. 
830 0 |a Critical insights. 
938 |a YBP Library Services  |b YANK  |n 3193329 
945 |a PromptCat  |b 248711 
946 |a stk 
947 |a A14840601225 
994 |a 92  |b TXA 
948 |a Cataloged  |b h  |c 2011/2/23  |d c  |e EGrant 
999 |a MARS 
999 f f |s 2953140d-ad39-39f9-8b71-c42c21d4f6b4  |i 119013ce-8f73-3bc6-a8bd-d5b744354721  |t 0 
952 f f |p normal  |a Texas A&M University  |b College Station  |c Sterling C. Evans Library  |d Evans: Library Stacks  |t 0  |e PQ8098.1.L54 Z696 2011  |h Library of Congress classification  |i unmediated -- volume  |m A14840601225 
998 f f |a PQ8098.1.L54 Z696 2011  |t 0  |l Evans: Library Stacks